| 000 | 00967nam a2200277 i 4500 | ||
|---|---|---|---|
| 003 | DO-SdBNP | ||
| 005 | 20240514150222.0 | ||
| 007 | ta | ||
| 008 | 240514b2002 dr ac||| |||| 00| 0 spa d | ||
| 020 | _a9993476609 | ||
| 040 |
_aDO-SdBNP _bspa _cBNPHU _erda |
||
| 082 | 4 | _222 | |
| 100 |
_aBass, Alberto, _926650 _d1949- _eautor |
||
| 245 | 1 | 3 |
_aEl arte como expresión social / _cAlberto Bass ; corrección, Odalís G. Pérez ; colaboración, Luis Brea Franco |
| 264 |
_aSanto Domingo : _bAlfa & Omega, _c2002. |
||
| 300 |
_a135 páginas : _bilustraciones y retratos ; _c21 cm. |
||
| 336 |
_2rdacontent _atexto _btxt |
||
| 337 |
_2rdamedia _asin mediación _bn |
||
| 338 |
_2rdacarrier _avolumen _bnc |
||
| 500 | _aIncluye datos biográficos del autor en las páginas 133-135 | ||
| 590 | _aInventariado, 2024/BT | ||
| 700 |
_aPérez, Odalís G., _ecorrección _984642 |
||
| 700 |
_aBrea Franco, Luis, _ecolaboración _985466 |
||
| 910 | _aBtavárez | ||
| 942 |
_2ddc _cLBS1 |
||
| 999 |
_c56664 _d56664 |
||